| 000 | 00403nam a2200145Ia 4500 | ||
|---|---|---|---|
| 008 | 210210b1975 xxu||||| |||| 00| 0 eng d | ||
| 082 | _a950.42 YEFW | ||
| 100 | _aYEFIMOV (D). | ||
| 245 | _aWorld war two and asia's struggle for independence. | ||
| 260 |
_aNew Delhi. _bSterling Publishers Pvt Ltd., _c1975 |
||
| 300 | _a124 | ||
| 650 | _aII World War | ||
| 690 | _aAsian History | ||
| 906 | _aSG00865 | ||
| 999 |
_c112317 _d112317 |
||